Regionen Italiens - Sudden Death - Statistiken

Allgemein
  • Dieses Quiz wurde 196 mal gespielt
    77 seit der letzten Aktualisierung
  • Das Durchschnittsergebnis liegt bei 7 aus 14
Answers on the Grid
Answers color-coded by a green-red scale on the quiz's grid according to % correct below.
Marken
Aostatal
Elba
Toskana
Korsika
Lombardei
Triestien
Roma
Abruzzen
Galizien
Passatien
Friaul-Gaiisch-Venetien
Sardinien
Wallis
Novo Mesto
Emilia-Romagna
Tessin
Latium
Venetien
Ligurien
Tirol
Karpaten
Mailand
Südalpen
Kalabrien
Turin
Apulien
Limousin
Molise
Kampanien
 
Antwortstatistiken
Antwort % Korrekt
Apulien
61%
Toskana
61%
Ligurien
55%
Venetien
55%
Emilia-Romagna
53%
Lombardei
47%
Kalabrien
45%
Sardinien
45%
Latium
42%
Abruzzen
39%
Aostatal
39%
Marken
39%
Kampanien
37%
Molise
32%
Keine übereinstimmenden Quizze gefunden
Verteilung der Resultate
Anzahl Personen mit jedem Resultat
Perzentil nach korrekt beantworteten Fragen
Ihre Resultats-Entwicklung
Sie haben dieses Quiz seit der letzten Aktualisierung nicht gespielt